[Event "Druzynowe Mistrzostwa Polski Juniorow - II liga"]
[Site "Sypniewo k. Jastowia"]
[Date "2024-06-17"]
[Round "5.87"]
[White "Ozog, Bartosz"]
[Black "Czech, Emil"]
[Result "1/2-1/2"]
[WhiteTitle "I"]
[BlackTitle "II+"]
[WhiteElo "1747"]
[BlackElo "1680"]

1. d4 Nf6 2. Bg5 e6 3. e4 Be7 4. Nd2 d5 5. e5 Nfd7 6. Bxe7 Qxe7 7. c3 c5 8. Ngf3
Nc6 9. a3 a5 10. Be2 O-O 11. O-O cxd4 12. cxd4 f6 13. Bb5 fxe5 14. Bxc6 bxc6 15.
Nxe5 Nxe5 16. dxe5 Rf5 17. f4 Qh4 18. g3 Qe7 19. Rc1 Ba6 20. Rf2 c5 21. Nb3 Bc4
22. Nd2 Ba6 23. Nb3 Bc4 24. Nd2 Bb5 25. Nb3 Bc4 1/2-1/2

[Event "Druzynowe Mistrzostwa Polski Juniorow - II liga"]
[Site "Sypniewo k. Jastowia"]
[Date "2024-06-17"]
[Round "5.91"]
[White "Jablonski, Piotr"]
[Black "Marchewka, Kajetan"]
[Result "1-0"]
[WhiteTitle "II"]
[BlackTitle "II+"]
[WhiteElo "1570"]
[BlackElo "1743"]

1. e4 e6 2. d4 d5 3. Nd2 Be7 4. Bd3 c5 5. exd5 exd5 6. c3 c4 7. Bc2 Nf6 8. Ne2
O-O 9. O-O Nc6 10. Nf3 Re8 11. h3 Be6 12. Nf4 Bd6 13. Ng5 Bd7 14. Nxd5 Nxd5 15.
Qh5 Nf6 16. Qxf7+ Kh8 17. Qxc4 Re7 18. Nf7+ Rxf7 19. Qxf7 Qc7 20. Bh6 Rg8 21.
Bxg7+ Rxg7 22. Qxf6 Bxh3 23. Be4 Qd7 24. Qh4 Be7 25. Qh5 Bg4 26. Qd5 Bd6 27. Rfe1
Ne7 28. Qxb7 Qe6 29. Bf3 Qh6 30. Bxg4 Qh2+ 31. Kf1 Rxg4 32. Qf3 Qh5 33. Qf8+ Rg8
34. Qf6+ Rg7 35. Qxd6 Qh1+ 36. Ke2 Qxg2 37. Qd8+ Ng8 38. Qh4 Qg6 39. Kd2 Qb6 40.
Kc2 Rb7 41. b3 Nf6 42. Qg3 a5 43. Qe5 a4 44. Rab1 a3 45. Qe6 Qxe6 46. Rxe6 Nd5
47. Rg1 Rb8 48. Rge1 Kg7 49. R1e5 Nf6 50. d5 1-0

[Event "Druzynowe Mistrzostwa Polski Juniorow - II liga"]
[Site "Sypniewo k. Jastowia"]
[Date "2024-06-17"]
[Round "5.93"]
[White "Wilman, Maciej"]
[Black "Chmielnicki, Michal"]
[Result "1/2-1/2"]
[WhiteTitle "II"]
[BlackTitle "II"]
[WhiteElo "1503"]
[BlackElo "1506"]

1. d4 d5 2. Nf3 Nf6 3. e3 Bg4 4. Bd3 e6 5. O-O c5 6. b3 cxd4 7. exd4 Nc6 8. Bb2
Be7 9. Nbd2 O-O 10. a3 Re8 11. Qe1 Qc7 12. Ne5 Nxe5 13. dxe5 Nd7 14. Kh1 Rac8
15. f4 Nc5 16. Be2 Bxe2 17. Qxe2 Ne4 18. Nxe4 dxe4 19. c4 b5 20. Rac1 bxc4 21.
Rxc4 Qb7 22. b4 Red8 23. Rxe4 Qc7 24. Bd4 a5 25. Bg1 axb4 26. axb4 Rb8 27. b5
Qa5 28. Rb1 Rd5 29. b6 Bc5 30. Rc4 Bxg1 31. Kxg1 h6 32. b7 Qa7+ 33. Kf1 Rxb7 34.
Rc8+ Kh7 35. Qc2+ g6 36. Rxb7 Qxb7 37. Rc7 Qb5+ 38. Kf2 Kg7 39. Kg3 h5 40. Kh4
Qf1 41. g3 Qf3 42. h3 g5+ 43. Kxg5 Qxg3+ 44. Kxh5 Qxh3+ 45. Kg5 Qg3+ 46. Kh5 Qxf4
47. Qg2+ Kf8 48. Rc8+ Ke7 49. Rc7+ Kd8 50. Rc8+ Kxc8 51. Qc2+ Kd8 52. Qc8+ Kxc8
1/2-1/2

[Event "Druzynowe Mistrzostwa Polski Juniorow - II liga"]
[Site "Sypniewo k. Jastowia"]
[Date "2024-06-17"]
[Round "5.95"]
[White "Pietrzak, Emilia"]
[Black "Dushnitska, Yuliia"]
[Result "1-0"]
[WhiteTitle "I++"]
[BlackTitle "II+"]
[WhiteElo "1760"]
[BlackElo "1455"]

1. e4 c5 2. Nf3 Nc6 3. d4 cxd4 4. Nxd4 Nf6 5. Nc3 e5 6. Ndb5 d6 7. Bg5 a6 8. Na3
b5 9. Nd5 Be7 10. Bxf6 Bxf6 11. c3 O-O 12. Nc2 Rb8 13. Nce3 Be6 14. a4 Bg5 15.
Be2 g6 16. axb5 axb5 17. Ra6 Qc8 18. Qa1 Kh8 19. O-O f5 20. Nb6 Qd8 21. Ned5 Bxd5
22. Nxd5 Ne7 23. Nxe7 Qxe7 24. Bf3 fxe4 25. Bxe4 Rf4 26. Bd5 Rbf8 27. Ra8 Qg7
28. g3 R4f6 29. Rxf8+ Rxf8 30. Qa6 Rb8 31. Qxd6 Rd8 32. Qc5 h5 33. Qxb5 h4 34.
Kg2 Qf6 35. Qc6 Qf5 36. Be4 Qf7 37. Qxg6 Qe7 38. c4 Rc8 39. Bd5 Bd2 40. Qh5+ Qh7
41. Qxe5+ Qg7 42. Qxg7+ Kxg7 43. Rd1 Bg5 44. b4 Rb8 45. b5 hxg3 46. hxg3 Be7 47.
Bc6 Bc5 48. Rd5 Bb4 49. c5 Rc8 50. b6 Rxc6 51. b7 Bxc5 52. b8=Q 1-0

[Event "Druzynowe Mistrzostwa Polski Juniorow - II liga"]
[Site "Sypniewo k. Jastowia"]
[Date "2024-06-17"]
[Round "5.96"]
[White "Kalata, Julia"]
[Black "Bastrzyk, Kinga"]
[Result "1-0"]
[WhiteTitle "I"]
[BlackTitle "I"]
[WhiteElo "1482"]
[BlackElo "1519"]

1. e4 c5 2. Nf3 d6 3. d4 cxd4 4. Qxd4 Nf6 5. Nc3 a6 6. g3 Nc6 7. Qd3 g6 8. Bg2
Bg7 9. O-O O-O 10. a3 Nd7 11. Bd2 Nde5 12. Nxe5 Nxe5 13. Qe2 e6 14. Rad1 Qc7 15.
Bc1 f5 16. exf5 Rxf5 17. Bh3 Rf8 18. f4 Nf7 19. Bxe6 Bxe6 20. Qxe6 Bxc3 21. bxc3
Qxc3 22. Qe4 Qc6 23. Qd3 Rac8 24. Rf2 Qc4 25. Qf3 b5 26. Bb2 Qa2 27. c3 Qe6 28.
Re2 Qd7 29. Qd3 Rc4 30. Re4 Rfc8 31. Rde1 Rxe4 32. Rxe4 d5 33. Kf1 Rc4 34. Rxc4
bxc4 35. Qf3 Nh6 36. Bc1 Ng4 37. Qe2 Nf6 38. Qe5 Kf7 39. Kg2 Qe7 40. Qxe7+ Kxe7
41. Kf3 Ne4 42. Bb2 Kd6 43. g4 a5 44. f5 gxf5 45. gxf5 Ke5 46. Kg4 Kf6 47. Kf4
Nd6 48. a4 Nxf5 49. Ba3 d4 50. cxd4 Nxd4 51. Bb2 Ke6 52. Bxd4 Kd5 53. Bc3 Kc5
54. Bxa5 h6 55. Bc3 Kd5 56. a5 Kc6 57. Ke4 Kb5 58. Kd4 h5 59. h3 h4 60. Be1 Ka6
61. Kxc4 1-0

[Event "Druzynowe Mistrzostwa Polski Juniorow - II liga"]
[Site "Sypniewo k. Jastowia"]
[Date "2024-06-17"]
[Round "6.1"]
[White "Kusiak, Mateusz"]
[Black "Rekuc, Patryk"]
[Result "1/2-1/2"]
[WhiteTitle "k"]
[BlackTitle "I+"]
[WhiteElo "2120"]
[BlackElo "2076"]

1. e4 c5 2. c3 Nf6 3. e5 Nd5 4. d4 cxd4 5. Nf3 e6 6. cxd4 d6 7. Bc4 Be7 8. O-O
O-O 9. Qe2 b6 10. Rd1 Nc6 11. Bxd5 exd5 12. Qb5 Bb7 13. Nc3 dxe5 14. dxe5 d4 15.
Ne2 Qc8 16. Nexd4 Nxd4 17. Rxd4 Bc5 18. Rh4 Qf5 19. b4 Bxf3 20. bxc5 Qxe5 21.
Bb2 Qg5 22. g3 Qd5 23. Qc4 bxc5 24. Qxd5 Bxd5 25. Rh5 Rad8 26. Ba3 g6 27. Re5
Rfe8 28. Rxe8+ Rxe8 29. Bxc5 a6 30. a4 Bf3 1/2-1/2

[Event "Druzynowe Mistrzostwa Polski Juniorow - II liga"]
[Site "Sypniewo k. Jastowia"]
[Date "2024-06-17"]
[Round "6.2"]
[White "Krol, Jan"]
[Black "Zieba, Hubert"]
[Result "1/2-1/2"]
[WhiteTitle "I+"]
[BlackTitle "I+"]
[WhiteElo "2002"]
[BlackElo "2012"]

1. e4 c5 2. Nf3 Nc6 3. d4 cxd4 4. Nxd4 e6 5. Nc3 Qc7 6. Be3 a6 7. Qf3 Nf6 8. Be2
Be7 9. O-O O-O 10. Nxc6 bxc6 11. Na4 d5 12. exd5 cxd5 13. Nb6 Rb8 14. Nxc8 Qxc8
15. Bd4 Nd7 16. Qc3 Qxc3 17. Bxc3 Rb6 18. Rfd1 Rc8 19. Rab1 Bf6 20. Bxf6 Nxf6
21. c4 g6 22. cxd5 Nxd5 23. Rd2 Nc3 24. Rc2 Rcc6 25. Ra1 Nxe2+ 26. Rxe2 Rb4 27.
f3 Kf8 28. Rd1 Ke7 29. Rd3 a5 30. Kf2 Rcb6 31. Rdd2 Rd6 32. Ke3 e5 33. Rc2 Ke6
34. Red2 Rdb6 35. Ke2 f5 36. Kd1 Rd6 37. Kc1 e4 38. fxe4 fxe4 39. Rxd6+ Kxd6 40.
Kd2 Kd5 41. Ke3 Ra4 42. a3 Rd4 43. Rd2 Rxd2 44. Kxd2 Kc4 45. b4 axb4 46. axb4
Kxb4 47. Ke3 Kc5 48. Kxe4 Kd6 49. Kf4 h6 50. h4 Ke6 51. h5 gxh5 52. Kg3 Kf5 53.
Kh4 Kg6 54. g3 Kh7 55. Kxh5 Kg7 1/2-1/2

[Event "Druzynowe Mistrzostwa Polski Juniorow - II liga"]
[Site "Sypniewo k. Jastowia"]
[Date "2024-06-17"]
[Round "6.3"]
[White "Futyma, Dawid"]
[Black "Chomicki, Kornel"]
[Result "1-0"]
[WhiteTitle "I"]
[BlackTitle "II+"]
[WhiteElo "1866"]
[BlackElo "1613"]

1. Nc3 d5 2. e4 dxe4 3. Nxe4 Nf6 4. Nxf6+ exf6 5. d4 Be6 6. Nf3 c6 7. Bf4 Qb6 8.
Qc1 c5 9. Be3 Nc6 10. dxc5 Bxc5 11. Bxc5 Qxc5 12. Be2 O-O 13. O-O Ne5 14. c3 Bc4
15. Nd4 Bxe2 16. Nxe2 Rfe8 17. Nd4 Qb6 18. Qc2 Rac8 19. Rad1 g6 20. h3 Red8 21.
Qb3 Qxb3 22. axb3 a6 23. Rd2 Rd6 24. Rfd1 Rcd8 25. f4 Nc6 26. Nf3 Rxd2 27. Rxd2
Rxd2 28. Nxd2 f5 29. Kf2 Kf8 30. Ke3 Ke7 31. b4 Ke6 32. Nb3 Kd5 33. Kd3 b5 34.
Nd2 a5 35. bxa5 Nxa5 36. Nf3 f6 37. Nd4 Nc4 38. b3 Nd6 39. Nc2 h6 40. Ne3+ Kc5
41. b4+ Kc6 42. Kd4 Ne4 43. Nd5 Kd6 44. c4 bxc4 45. Kxc4 Nd2+ 46. Kd4 Nb3+ 47.
Kc3 Nc1 48. Kc4 Ne2 49. b5 g5 50. b6 Kc6 51. Kd3 Nc1+ 52. Ke3 Nb3 53. Ne7+ Kxb6
54. Nxf5 h5 55. fxg5 fxg5 56. Ng7 Kc6 57. Nxh5 Kd5 58. Kf3 Ke5 59. Kg4 Nd4 60.
Kxg5 Ne6+ 61. Kg4 Nf8 62. Nf4 Kf6 63. h4 Nd7 64. Nd3 Kg6 65. Kf4 Kh5 66. Kg3 Nf6
67. Nf4+ Kh6 68. Kf3 Nd7 69. g4 Ne5+ 70. Kg3 Nf7 71. Ne6 Kg6 72. Kf4 Kf6 73. Nd4
Kg6 74. h5+ Kh6 75. Nf5+ Kh7 76. g5 Nh8 77. Ke4 1-0

[Event "Druzynowe Mistrzostwa Polski Juniorow - II liga"]
[Site "Sypniewo k. Jastowia"]
[Date "2024-06-17"]
[Round "6.4"]
[White "Dunda, Szymon"]
[Black "Panasiuk, Stanislaw"]
[Result "1-0"]
[WhiteTitle "II"]
[BlackTitle "II"]
[WhiteElo "1548"]
[BlackElo "1445"]

1. e4 c5 2. Nf3 e6 3. d4 cxd4 4. Nxd4 a6 5. c4 Nf6 6. Bd3 Be7 7. Nc3 Nc6 8. Be3
O-O 9. O-O Qc7 10. Rc1 h6 11. Kh1 b6 12. f4 Bc5 13. Nc2 Bxe3 14. Nxe3 d6 15. Rg1
Rd8 16. g4 d5 17. cxd5 exd5 18. Ncxd5 Qd6 19. Rxc6 Qxc6 20. Ne7+ Kf8 21. Nxc6
Nxe4 22. Bxe4 Rxd1 23. Rxd1 Bb7 24. Rd7 Bxc6 25. Bxc6 Re8 26. Rxf7+ Kxf7 27. Bxe8+
Kxe8 28. Nd5 b5 29. Nc7+ Kd7 30. Nxa6 Kd6 31. Kg2 1-0

[Event "Druzynowe Mistrzostwa Polski Juniorow - II liga"]
[Site "Sypniewo k. Jastowia"]
[Date "2024-06-17"]
[Round "6.5"]
[White "Tokarz, Izabela"]
[Black "Szczotka, Matylda"]
[Result "1-0"]
[WhiteTitle "k"]
[BlackTitle "I"]
[WhiteElo "1966"]
[BlackElo "1670"]

1. d4 Nf6 2. c4 e6 3. Nf3 b6 4. g3 Bb7 5. Bg2 Be7 6. O-O O-O 7. Nc3 d6 8. Re1 Nbd7
9. e4 h6 10. d5 e5 11. Nh4 a5 12. Nf5 Nc5 13. g4 Bc8 14. g5 hxg5 15. Nxe7+ Qxe7
16. Bxg5 Ba6 17. b3 Ncd7 18. Re3 Rfc8 19. Rh3 Rab8 20. Qf3 Qf8 21. Rg3 Qe7 22.
Bh3 Kf8 23. Bxd7 Qxd7 24. Bxf6 gxf6 25. Qxf6 Qd8 26. Qh6+ Ke7 27. Rg7 Qh8 28.
Qe6+ Kd8 29. Qf6+ Ke8 30. Qxf7+ Kd8 31. Qe7# 1-0

[Event "Druzynowe Mistrzostwa Polski Juniorow - II liga"]
[Site "Sypniewo k. Jastowia"]
[Date "2024-06-17"]
[Round "6.6"]
[White "Saliuk, Maryia"]
[Black "Tokarz, Gabriela"]
[Result "0-1"]
[WhiteTitle "I"]
[BlackTitle "I++"]
[WhiteElo "1503"]
[BlackElo "1911"]

1. e4 c5 2. b4 cxb4 3. a3 d5 4. exd5 Qxd5 5. d4 Nc6 6. axb4 Qxd4 7. c3 Qxd1+ 8.
Kxd1 Nf6 9. f3 Bf5 10. Ke1 g6 11. Bb5 Nd5 12. Bxc6+ bxc6 13. g4 Bxb1 14. Rxb1
Nxc3 15. Rb3 Nb5 16. Bb2 f6 17. Ne2 Kf7 18. h4 Bg7 19. h5 f5 20. Bxg7 Kxg7 21.
h6+ Kf6 22. gxf5 gxf5 23. Nf4 Nd4 24. Rc3 Rab8 25. Kf2 Rxb4 26. Nh5+ Kg6 27. Ke3
e5 28. f4 Re8 29. Kd3 Rb3 30. fxe5 Rxc3+ 31. Kxc3 Nb5+ 32. Kc4 Rxe5 33. Nf4+ Kg5
34. Nd3 Re6 35. Kc5 Nc3 36. Kc4 Ne4 37. Ra1 Rxh6 38. Rxa7 c5 39. Ne5 Rh1 40. Nd3
h5 41. Rg7+ Kf6 42. Rg8 Kf7 43. Ra8 h4 44. Ne5+ Kf6 45. Nf3 h3 46. Ra6+ Kg7 47.
Kd3 h2 48. Ra7+ Kg6 49. Nxh2 Rxh2 50. Ra6+ Kg5 51. Rc6 Kf4 52. Rc8 Rd2+ 53. Kc4
Rc2+ 54. Kb3 Rc3+ 55. Kb2 Rh3 56. Kc2 Ke5 57. Re8+ Kd4 58. Rf8 Rf3 59. Rd8+ Kc4
60. Kb2 Rf2+ 61. Ka3 f4 62. Re8 Kd3 63. Rd8+ Ke3 64. Kb3 f3 65. Kc4 Rc2+ 66. Kb3
Rd2 67. Rf8 f2 68. Rf7 Rd1 69. Rxf2 Nxf2 70. Kc2 Rd3 71. Kb1 Rd2 72. Ka1 Kd3 73.
Kb1 Kc3 74. Ka1 Kb3 75. Kb1 Rd1# 0-1

[Event "Druzynowe Mistrzostwa Polski Juniorow - II liga"]
[Site "Sypniewo k. Jastowia"]
[Date "2024-06-17"]
[Round "6.7"]
[White "Lechowski, Witold"]
[Black "Wojdak, Jan"]
[Result "1/2-1/2"]
[WhiteTitle "I+"]
[BlackTitle "k+"]
[WhiteElo "2014"]
[BlackElo "2149"]

1. d4 d5 2. c4 c6 3. Nf3 Nf6 4. g3 Bf5 5. Bg2 e6 6. O-O h6 7. Nbd2 Nbd7 8. b3 Be7
9. Bb2 O-O 10. Rc1 a5 11. a3 Ne4 12. Ne1 Nxd2 13. Qxd2 a4 14. b4 Nb6 15. c5 Nc4
16. Qc3 Bf6 17. Nf3 b6 18. Nd2 bxc5 19. Nxc4 cxd4 20. Qd2 dxc4 21. Rxc4 e5 22.
Rxc6 Rb8 23. Rd1 Be6 24. Rc5 Bb3 25. Rdc1 Bg5 26. f4 exf4 27. gxf4 Bf6 28. Bf3
Qd7 29. Rc7 Qd8 30. R7c5 Rb6 31. Bg4 Be6 32. Bf3 Rd6 33. Rc6 Rxc6 34. Rxc6 Bd5
35. Bxd5 Qxd5 36. Rc5 Qe4 37. Rc4 Rd8 38. b5 Qg6+ 39. Kh1 Qh5 40. Rb4 Qd5+ 41.
Kg1 Be7 42. Rxa4 Rd6 43. Ra6 Rd8 44. Qd3 Bd6 45. e3 Bc5 46. Bxd4 Qf3 47. Qf1 Qg4+
1/2-1/2

[Event "Druzynowe Mistrzostwa Polski Juniorow - II liga"]
[Site "Sypniewo k. Jastowia"]
[Date "2024-06-17"]
[Round "6.8"]
[White "Wierzbicki, Dawid"]
[Black "Czak, Dominik"]
[Result "1/2-1/2"]
[WhiteTitle "I"]
[BlackTitle "I"]
[WhiteElo "1948"]
[BlackElo "1739"]

1. e4 c6 2. Nf3 d5 3. e5 Bg4 4. Be2 e6 5. c4 Qc7 6. d4 Bxf3 7. Bxf3 dxc4 8. O-O
Ne7 9. Nd2 b5 10. a4 Nd5 11. Ne4 Nd7 12. Re1 Rb8 13. Bd2 Be7 14. axb5 cxb5 15.
Nd6+ Bxd6 16. Bxd5 Be7 17. Be4 Nb6 18. Qg4 g6 19. Ra6 Qd7 20. Rea1 h5 21. Qe2
Qxd4 22. Bc6+ Kf8 23. Be3 Qd3 24. Qf3 Nd5 25. Rxa7 Nxe3 26. fxe3 Qf5 27. Rc7 Qxf3
28. Bxf3 Bd8 29. Rd7 Bb6 30. Kf2 Kg7 31. Rad1 Rhd8 32. Rxd8 Rxd8 33. Rxd8 Bxd8
34. Bc6 b4 35. Kf3 c3 36. bxc3 bxc3 37. Ba4 g5 38. g4 hxg4+ 39. Kxg4 Kh6 40. Bc2
Bc7 41. h4 gxh4 42. Kxh4 Bxe5 43. e4 Kg6 44. Kg4 Kf6 45. Bb1 Bd6 46. Bc2 Ke5 47.
Bb1 Kd4 48. Kf3 Kc4 49. Bc2 Kb4 50. Ke2 Ka3 51. Kd1 Bf4 52. Bd3 Kb2 53. Bc2 Bg5
54. Bd3 Kb3 55. Bc2+ Kc4 56. Ke2 1/2-1/2

[Event "Druzynowe Mistrzostwa Polski Juniorow - II liga"]
[Site "Sypniewo k. Jastowia"]
[Date "2024-06-17"]
[Round "6.9"]
[White "Pelczarski, Wojciech"]
[Black "Oles, Mateusz"]
[Result "1/2-1/2"]
[WhiteTitle "II+"]
[BlackTitle "I"]
[WhiteElo "1663"]
[BlackElo "1771"]

1. f4 d5 2. Nf3 g6 3. e3 Bg7 4. Be2 Nf6 5. O-O O-O 6. d4 c5 7. c3 Nc6 8. Ne5 cxd4
9. exd4 Ne8 10. Nd2 Nd6 11. Ndf3 f6 12. Nd3 Ne4 13. Qb3 Na5 14. Qc2 Be6 15. Nc5
Nxc5 16. dxc5 Nc6 17. Be3 Bf5 18. Qd2 Qd7 19. Nd4 Nxd4 20. cxd4 Rad8 21. Rad1
Be4 22. Bf3 e6 23. b4 h5 24. a3 Bh6 25. Kh1 Qa4 26. Bxe4 dxe4 27. Qa2 Qc6 28.
b5 Qd5 29. Qb1 Rd7 30. Rfe1 Rc8 31. h3 Qf5 32. Rf1 Kh7 33. a4 Qd5 34. Rfe1 Rg7
35. Qc2 f5 36. Qe2 Qd8 37. Rd2 Qh4 38. Qf2 Qxf2 39. Rxf2 Rd7 40. h4 Kg8 41. Kh2
Kf7 42. Kg3 Bg7 43. Rd2 Bf6 44. Red1 Rd5 45. Rb1 Bd8 46. Rc2 Bf6 47. Rc4 Ke8 48.
b6 a6 49. c6 1/2-1/2

[Event "Druzynowe Mistrzostwa Polski Juniorow - II liga"]
[Site "Sypniewo k. Jastowia"]
[Date "2024-06-17"]
[Round "6.12"]
[White "Pierchala, Emilia"]
[Black "Lechowska, Liliana"]
[Result "1/2-1/2"]
[WhiteTitle "II"]
[BlackTitle "II"]
[WhiteElo "1406"]
[BlackElo "1558"]

1. e4 c5 2. Nc3 Nc6 3. g3 Nf6 4. Bg2 e5 5. Nge2 d6 6. d3 Be6 7. O-O Be7 8. h3 O-O
9. f4 exf4 10. Bxf4 Qd7 11. Kh2 Rac8 12. d4 cxd4 13. Nxd4 Nxd4 14. Qxd4 b6 15.
Rad1 Rc6 16. e5 Rc4 17. Qd2 dxe5 18. Qxd7 Nxd7 19. Be3 Rcc8 20. Rf2 f6 21. Bd5
Bxd5 22. Nxd5 Kf7 23. Rfd2 Nc5 24. g4 Nb7 25. Nxe7 Kxe7 26. Rd7+ Ke8 27. Rxb7
Rxc2+ 28. Rd2 Rxd2+ 29. Bxd2 Rf7 30. Rxf7 Kxf7 31. Kg3 Ke6 32. Kf3 Kd5 33. Ke3
Kc5 34. a3 a6 35. Kd3 Kd5 36. Bb4 g6 37. Bd2 f5 38. gxf5 gxf5 39. Be3 e4+ 40.
Kc3 b5 41. Bf4 h5 42. h4 a5 43. b3 Kc5 44. Be3+ 1/2-1/2

[Event "Druzynowe Mistrzostwa Polski Juniorow - II liga"]
[Site "Sypniewo k. Jastowia"]
[Date "2024-06-17"]
[Round "6.13"]
[White "Jankowski, Franciszek"]
[Black "Podgorski, Jakub"]
[Result "1-0"]
[WhiteTitle "I"]
[BlackTitle "II"]
[WhiteElo "1710"]
[BlackElo "1685"]

1. e4 c5 2. Nf3 g6 3. c4 Nc6 4. d4 cxd4 5. Nxd4 Bg7 6. Be3 d6 7. Nc3 Nf6 8. Be2
O-O 9. O-O Bd7 10. Qd2 Nxd4 11. Bxd4 Bc6 12. f3 a5 13. Rfd1 a4 14. Rac1 Qa5 15.
Nd5 Bxd5 16. Qxa5 Rxa5 17. cxd5 Nd7 18. Rc7 Nc5 19. Rxe7 Bxd4+ 20. Rxd4 f6 21.
Rb4 Rf7 22. Re8+ Rf8 23. Re7 Rf7 24. Re8+ Rf8 25. Rxf8+ Kxf8 26. a3 Ke7 27. Kf2
Ra8 28. Ke3 g5 29. Bd1 Ra5 30. Kd4 Kd7 31. Kc4 Kc7 32. Bc2 h6 33. Rb5 Ra7 34.
Kb4 b6 35. Kc3 Ra6 36. Bd1 Ra7 37. Rb4 Ra5 38. Be2 Nb3 39. Rc4+ Nc5 40. Rb4 Nb3
41. Bb5 Nc5 42. Bc6 Ra6 43. Bb5 Ra5 44. Bc6 Ra6 45. Kd4 Kd8 46. Bb5 Ra7 47. Bc6
Ra6 48. Ke3 Ke7 49. Bb5 Ra7 50. Bc6 Ra6 51. Bb5 Ra7 52. Kf2 f5 53. exf5 Kf6 54.
g4 Ke5 55. Kg3 h5 56. h3 Rh7 57. Bxa4 h4+ 58. Kh2 Kxd5 59. Bc2 Re7 60. Be4+ Nxe4
61. fxe4+ Kc5 62. Kg2 b5 63. Kf3 Rf7 64. Ke3 Rf6 65. Rd4 Rf7 66. Rd2 Ra7 67. Rc2+
Kb6 1-0

[Event "Druzynowe Mistrzostwa Polski Juniorow - II liga"]
[Site "Sypniewo k. Jastowia"]
[Date "2024-06-17"]
[Round "6.14"]
[White "Klisowski, Bartosz"]
[Black "Krogulski, Maksymilian"]
[Result "1-0"]
[WhiteTitle "I+"]
[BlackTitle "I"]
[WhiteElo "1864"]
[BlackElo "1691"]

1. Nf3 d5 2. g3 Nf6 3. Bg2 Bf5 4. d3 e6 5. Nbd2 Be7 6. O-O O-O 7. b3 h6 8. Bb2
c5 9. Re1 Nc6 10. Ne5 Qc7 11. Nxc6 bxc6 12. e4 Bh7 13. Qe2 Rad8 14. Rad1 d4 15.
Nc4 e5 16. Bc1 Nd7 17. f4 f6 18. Qh5 Kh8 19. Bd2 Bg8 20. f5 Bf7 21. Qe2 Nb6 22.
Bf3 Nxc4 23. dxc4 Qd7 24. Bc1 Qe8 25. Rd3 Rd7 26. Qd1 Bd8 27. Re2 Qe7 28. Rg2
Ba5 29. h4 Bd8 30. g4 Qe8 31. Be2 g5 32. Rh3 Kg7 33. Rgh2 Rd6 34. Ba3 Bb6 35.
Qd2 Qd8 36. Bd3 Rh8 37. Bc1 Ba5 38. Qf2 Rh7 39. Qg3 Bg8 40. hxg5 hxg5 41. Rxh7+
Bxh7 42. Qh3 Qg8 43. Qh6+ Kh8 44. Bxg5 Bd8 45. Kf2 Qg7 46. Qxg7+ Kxg7 47. Bh6+
Kf7 48. Bc1 Bg8 49. Rh6 Be7 50. Rg6 Bf8 51. Bh6 Bh7 52. Bxf8 Kxf8 53. Rh6 Kg7
54. g5 Bg8 55. Rg6+ Kf7 56. Be2 Bh7 57. Rh6 Kg7 58. Bh5 a5 59. Rxf6 Rxf6 60. gxf6+
Kxf6 61. Be8 Bg8 62. Bxc6 Bf7 63. Ke2 Bh5+ 64. Kd2 Bf7 65. Kc1 Bh5 66. Bd5 Bf3
67. a3 Be2 68. Kb2 Ke7 69. b4 axb4 70. a4 Bd1 71. a5 b3 72. cxb3 d3 73. Kc3 d2
74. Kxd2 Bxb3 75. a6 Bxc4 76. Bxc4 Kf6 77. a7 Kg7 78. f6+ Kh7 79. a8=Q Kh6 80.
Qg8 Kh5 81. f7 Kh6 82. f8=Q+ Kh5 83. Qf5+ Kh6 84. Qfh7# 1-0

[Event "Druzynowe Mistrzostwa Polski Juniorow - II liga"]
[Site "Sypniewo k. Jastowia"]
[Date "2024-06-17"]
[Round "6.15"]
[White "Kucewicz, Piotr"]
[Black "Kiszkiel, Oskar"]
[Result "0-1"]
[WhiteTitle "II"]
[BlackTitle "I"]
[WhiteElo "1603"]
[BlackElo "1741"]

1. e4 e6 2. d4 d5 3. Nd2 dxe4 4. Nxe4 Nd7 5. Nf3 Ngf6 6. Nxf6+ Nxf6 7. Bd3 c5 8.
dxc5 Bxc5 9. O-O h6 10. Bf4 O-O 11. Qe2 Bd6 12. Bxd6 Qxd6 13. Rad1 Qb6 14. c3
Bd7 15. Ne5 Bc6 16. Nxc6 Qxc6 17. Rfe1 Rfd8 18. Rd2 Rd6 19. a4 Rad8 20. Red1 e5
21. h3 e4 22. Bb5 Qc7 23. Rxd6 Rxd6 24. Rxd6 Qxd6 25. f3 a6 26. Bc4 exf3 27. gxf3
Qg3+ 28. Qg2 Qe1+ 29. Qf1 Qe3+ 30. Qf2 Qc1+ 31. Kg2 b5 32. axb5 axb5 33. Bd3 Nh5
34. Be4 Qg5+ 35. Kh2 Qe5+ 36. Kg2 Nf4+ 37. Kh2 f5 38. Bc2 Nd3+ 39. Qg3 Qe2+ 40.
Qg2 Qxg2+ 41. Kxg2 Ne1+ 0-1

[Event "Druzynowe Mistrzostwa Polski Juniorow - II liga"]
[Site "Sypniewo k. Jastowia"]
[Date "2024-06-17"]
[Round "6.16"]
[White "Janeczek, Maksymilian"]
[Black "Klask, Franciszek"]
[Result "1/2-1/2"]
[WhiteTitle "II"]
[BlackTitle "II"]
[WhiteElo "1570"]
[BlackElo "1571"]

1. e4 c5 2. Nf3 e6 3. d4 cxd4 4. Nxd4 Nf6 5. Nc3 Nc6 6. Be3 Bb4 7. Bd3 O-O 8. O-O
d6 9. h3 h6 10. Nce2 e5 11. Nb3 d5 12. exd5 Qxd5 13. a3 Be7 14. c4 Qd8 15. Qc2
Be6 16. Rad1 Qc7 17. Nc3 Rad8 18. Be2 Rxd1 19. Rxd1 Rd8 20. Kf1 Nd4 21. Nxd4 exd4
22. Bxd4 Bxc4 23. Kg1 Be6 24. Qa4 a6 25. Bf3 Nd5 26. Bxd5 Bxd5 27. Nxd5 Rxd5 28.
Qe8+ Bf8 29. Qe3 Qd7 30. b4 g5 31. Rd2 Bg7 32. Bc3 Rxd2 33. Qxd2 Qxd2 34. Bxd2
Bb2 35. a4 f5 36. b5 axb5 37. axb5 Bd4 38. g4 f4 39. Kg2 Kf7 40. Kf3 Ke6 41. Ke4
1/2-1/2

[Event "Druzynowe Mistrzostwa Polski Juniorow - II liga"]
[Site "Sypniewo k. Jastowia"]
[Date "2024-06-17"]
[Round "6.17"]
[White "Pastuszko, Katarzyna"]
[Black "Gajec, Roza"]
[Result "1-0"]
[WhiteTitle "I++"]
[BlackTitle "I"]
[WhiteElo "1586"]
[BlackElo "1771"]

1. e4 c5 2. Nf3 e6 3. d4 cxd4 4. Nxd4 Nc6 5. Nc3 Qc7 6. Nb3 a6 7. Bd3 b5 8. a3
Nf6 9. O-O Be7 10. Be3 d6 11. f4 b4 12. axb4 Nxb4 13. Qf3 Rb8 14. Nd4 Nxd3 15.
cxd3 O-O 16. Rac1 Qd7 17. Rc2 Bb7 18. Qg3 Kh8 19. f5 e5 20. Nf3 Rbc8 21. Qh3 Rfe8
22. g4 Bf8 23. g5 Ng8 24. Rg2 g6 25. Nh4 Ne7 26. Rg4 Kg8 27. Ng2 h5 28. gxh6 Kh7
29. Nh4 1-0

[Event "Druzynowe Mistrzostwa Polski Juniorow - II liga"]
[Site "Sypniewo k. Jastowia"]
[Date "2024-06-17"]
[Round "6.19"]
[White "Bochniak, Franciszek"]
[Black "Mazurek, Filip"]
[Result "0-1"]
[WhiteTitle "I++"]
[BlackTitle "I"]
[WhiteElo "1936"]
[BlackElo "1879"]

1. e4 c5 2. Nf3 e6 3. d4 cxd4 4. Nxd4 Nc6 5. Bf4 d6 6. Nxc6 bxc6 7. Bd3 e5 8. Be3
Nf6 9. O-O Be7 10. c4 O-O 11. Nc3 Be6 12. h3 d5 13. cxd5 cxd5 14. exd5 Nxd5 15.
Nxd5 Qxd5 16. Qe2 e4 17. Bc2 Qe5 18. f4 exf3 19. Rxf3 Bd6 20. Rd1 f5 21. Qa6 Rad8
22. Qxa7 Kh8 23. Bd4 Qh2+ 24. Kf2 Rd7 25. Qa4 Rfd8 26. Be3 Qe5 27. Bd4 Bc5 28.
Bxc5 Qxc5+ 29. Ke1 Rxd1+ 30. Bxd1 Qg1+ 31. Rf1 Qxg2 32. Be2 Qxh3 33. Qf4 Qg2 34.
Qe5 Qc6 35. Rg1 Qd7 36. Rg3 Qd2+ 37. Kf1 Qc1+ 38. Kf2 Qh6 39. Rg2 Bd5 40. Rh2
Qd6 41. Qxd6 Rxd6 42. a3 g5 43. Rh3 Kg7 44. Rd3 Kf6 45. b4 Ke5 46. b5 g4 47. Rc3
h5 48. a4 f4 49. Rc8 g3+ 50. Kf1 f3 51. Bd1 Bc4+ 52. Ke1 f2# 0-1

[Event "Druzynowe Mistrzostwa Polski Juniorow - II liga"]
[Site "Sypniewo k. Jastowia"]
[Date "2024-06-17"]
[Round "6.20"]
[White "Kryston, Aleksander"]
[Black "Lonski, Aleksander"]
[Result "1/2-1/2"]
[WhiteTitle "II+"]
[BlackTitle "I+"]
[WhiteElo "1772"]
[BlackElo "1852"]

1. d4 Nf6 2. c4 e5 3. dxe5 Ng4 4. Bf4 Nc6 5. Nf3 Bb4+ 6. Nbd2 Qe7 7. a3 Ncxe5 8.
Nxe5 Nxe5 9. e3 Bc5 10. Be2 a5 11. O-O O-O 12. b4 Ba7 13. Nb3 a4 14. Nd4 d6 15.
Nb5 Bb6 16. Nc3 Bd7 17. Nd5 Qe6 18. Nxb6 cxb6 19. Qd4 Rac8 20. Rac1 Rc6 21. Rfd1
f6 22. b5 Rc5 23. Qxd6 Qxd6 24. Rxd6 Bxb5 25. Bxe5 fxe5 26. Rxb6 Rfc8 27. Rxb7
Bxc4 28. Bxc4+ Rxc4 29. Rxc4 Rxc4 30. g3 1/2-1/2

[Event "Druzynowe Mistrzostwa Polski Juniorow - II liga"]
[Site "Sypniewo k. Jastowia"]
[Date "2024-06-17"]
[Round "6.21"]
[White "Jodlowski, Robert"]
[Black "Etut, Filbert"]
[Result "0-1"]
[WhiteTitle "II"]
[BlackTitle "I"]
[WhiteElo "1675"]
[BlackElo "1815"]

1. e4 c5 2. Nc3 Nc6 3. f4 g6 4. Nf3 Bg7 5. Bc4 e6 6. O-O Nge7 7. d3 O-O 8. Qe1
a6 9. Qh4 Nd4 10. f5 Nec6 11. f6 Bxf6 12. Ng5 h5 13. g4 Ne5 14. Kg2 Nxg4 15. h3
Ne5 16. Rf2 b5 17. Bb3 Bb7 18. Bd2 Bg7 19. Raf1 f6 20. Nd1 c4 21. dxc4 bxc4 22.
Ba4 Nf5 23. Rxf5 exf5 24. Nc3 fxg5 25. Bxg5 Bf6 26. Qg3 Qe7 27. Bh6 Bg7 28. Bg5
Qe6 29. b3 fxe4 30. Rd1 e3+ 31. Kg1 Nf3+ 32. Kf1 Nxg5+ 33. Ke1 Bxc3+ 0-1